000 00951pam a2200277 a 4500
999 _c330410
_d330410
001 2316006
003 NUST
005 20170710123723.0
008 810813s1982 caua b 001 0 eng
010 _a 81038461
020 _a0818504943
040 _aDLC
_cDLC
_dDLC
050 0 0 _aBF176
_b.K36
060 _aBF 176 K17p
082 0 0 _a150/.28/7
_219
100 1 _aKaplan, Robert M.
_q(Robert Malcolm),
_d1947-
_93192
245 1 0 _aPsychological testing :
_bprinciples, applications, and issues /
_cRobert M. Kaplan, Dennis P. Saccuzzo.
260 _aMonterey, Calif. :
_bBrooks/Cole Pub. Co.,
_c1982.
300 _axxiv, 575 p. :
_bill. ;
_c24 cm.
500 _aIncludes indexes.
504 _aBibliography: p. 527-558.
650 0 _aPsychological tests.
_93193
650 2 _aPsychological tests
_xMethods.
_93194
700 1 _aSaccuzzo, Dennis P.,
_d1947-
_93195
906 _a7
_bcbc
_corignew
_d1
_eocip
_f19
_gy-gencatlg
942 _2ddc
_cBK